My Top 100 Songs of 2018 - Guess the Artist - Statistics

General Stats
  • This quiz has been taken 24 times
  • The average score is 30 of 100
Answer Stats
Song Title Artist % Correct
God is a woman | no tears left to cry Ariana Grande
76%
I Wanna Dance with Somebody (Who Loves Me) Whitney Houston
76%
IDGAF | New Rules Dua Lipa
67%
Only You Cheat Codes & Little Mix
62%
Reggaeton Lento CNCO & Little Mix
62%
American Boy | Black Magic | Dear Lover | +11 others Little Mix
62%
you should see me in a crown Billie Eilish
57%
Karma Chameleon Culture Club
57%
Good as Hell | Truth Hurts | Water Me Lizzo
57%
High Hopes Panic! at the Disco
57%
Heaven is a Place on Earth Belinda Carlisle
43%
Finesse (Remix) Bruno Mars
43%
I Like It Cardi B, Bad Bunny, & J Balvin
43%
This is America Childish Gambino
43%
Take Me Home, Country Roads John Denver
43%
You Can Call Me Al Paul Simon
43%
I Think We're Alone Now Tiffany
43%
I Do Cardi B
38%
Better Now Post Malone
38%
Backseat | Boys | Vroom Vroom Charli XCX
33%
Hard Times Paramore
33%
Step by Step New Kids on the Block
29%
Give Yourself a Try | TOOTIMETOOTIMETOOTIME The 1975
29%
The Middle Zedd, Maren Morris, & Grey
29%
Just Can't Get Enough Depeche Mode
24%
Invisible Touch Genesis
24%
Debaser | Here Comes Your Man Pixies
24%
Stay Zedd & Alessia Cara
24%
Boy Problems | Cut to the Feeling | Party for One Carly Rae Jepsen
19%
To Be With You Mr. Big
19%
Your Song Rita Ora
19%
American | Cover Girl | Kitty Girl | +2 others RuPaul
19%
Bloom | My My My! | WILD Troye Sivan
19%
Ugly Heart GRL
14%
Make Me Feel | Pynk | Q.U.E.E.N. Janelle Monae
14%
Biscuits | High Horse Kacey Musgraves
14%
HOLD ME TIGHT OR DON'T | Wilson (Expensive Mistakes) Fall Out Boy
10%
Yoga Janelle Monae & Jidenna
10%
A Heady Tale | Flathead | For the Girl | +7 others The Fratellis
10%
Emoticons | Jump Into the Fog | Turn | White Eyes The Wombats
10%
Take Me Aly & AJ
5%
Super America Bad Bad Hats
5%
Up All Night | Wow Beck
5%
Second Night of Summer BORNS
5%
Dreams Cady Groves
5%
Save Me from LA Fefe Dobson
5%
Fool Fitz and the Tantrums
5%
Curious Hayley Kiyoko
5%
Butterflies Kasey Musgraves
5%
Your Side of the Bed Loote
5%
Babe Sugarland
5%
Beeper The Count & Sinden & Sinden
5%
Get Ready The Temptations
5%
Not Warriors Waterparks
5%
No matching quizzes found
Score Distribution
Percent of People with Each Score
Percentile by Number Answered
Your Score History
You have not taken this quiz